Statistiques concernant Tous les cantons de l'Ille-et-Vilaine sur une carte

Cliquez ici pour prendre le quiz!

Statistiques générales

  • Ce quiz a été pris 58 fois
  • Le résultat moyen est 19 sur 27

Réponses sur la Carte

Les réponses sont colorées sur une échelle allant du rouge au vert en fonction du pourcentage des utilisateurs qui les ont devinées à leur premier essai. Vous pouvez retrouver ces pourcentages ci-dessous.
 

Statistiques - réponses

Canton% Correct
Fougères-1
100%
Fougères-2
100%
Rennes-1
100%
Rennes-2
100%
Rennes-3
100%
Rennes-4
100%
Rennes-5
100%
Rennes-6
100%
Saint-Malo-1
100%
Saint-Malo-2
100%
Vitré
93%
Redon
89%
Bruz
57%
Châteaugiron
57%
Betton
54%
Janzé
54%
Liffré
54%
Bain-de-Bretagne
50%
Montauban-de-Bretagne
50%
Combourg
46%
Dol-de-Bretagne
46%
Montfort-sur-Meu
46%
Guichen
39%
La Guerche-de-Bretagne
39%
Mélesse
36%
Le Rheu
32%
Antrain
21%

Distribution des résultats

Percentile par nombre de réponses

% des personnes avec chaque résultat

Votre développement - résultats

Vous n’avez pas pris ce quiz